000 02013cam a2200385 a 4500
999 _c233530
_d233530
001 3526725
003 Nust
005 20170308151611.0
008 960913s1997 nyu b 000 1 eng
010 _a 96044126
020 _a9780195103090
040 _aDLC
_cDLC
_dDLC
_dOCoLC
_dDLC
041 1 _aeng
_hpor
050 0 0 _aPQ9697.M18
_bD613 1997
082 0 0 _a869.3
_bJOA
100 2 _aMachado de Assis,
_d1839-1908.
240 1 0 _aDom Casmurro.
_lEnglish
245 1 0 _aDom Casmurro :
_ba novel /
_cby Joachim Maria Machado de Assis ; translated from the Portuguese by John Gledson ; with a foreword by John Gledson and an afterword by João Adolfo Hansen.
260 _aNew York :
_bOxford University Press,
_c1997.
300 _axxvii, 258 p. ;
_c22 cm.
440 0 _aLibrary of Latin America
504 _aIncludes bibliographical references.
520 1 _a"At last, a new translation of Machado's masterpiece that is complete (unlike Scott-Buccleuch's 1992 version - see HLAS 54:5078 - which omitted key chapters) and highly readable. Gledson produces a much-needed, graceful and accurate translation, attentive to Machado's tone and rhythms. Hansen's Afterword is excellent"--Handbook of Latin American Studies, v. 58.
_uhttp://www.loc.gov/hlas/
650 0 _aReminiscing in old age
_xFiction.
650 0 _aAdultery
_xFiction.
650 0 _aAuthorship
_xFiction.
650 0 _aCatholics
_vFiction.
655 7 _aHistorical fiction.
_2gsafd
700 1 _aGledson, John,
_d1945-
856 4 2 _3Publisher description
_uhttp://www.loc.gov/catdir/enhancements/fy0636/96044126-d.html
856 4 2 _3Contributor biographical information
_uhttp://www.loc.gov/catdir/enhancements/fy0723/96044126-b.html
906 _a7
_bcbc
_corignew
_d1
_eocip
_f19
_gy-gencatlg
942 _2ddc
_cBK